| 000 | 01150nam a2200289 i 4500 | ||
|---|---|---|---|
| 005 | 20260512143618.0 | ||
| 008 | 260504b my ||||| |||| 00| 0 may d | ||
| 020 |
_a9786297767079 _cRM29.90 _qpaperback |
||
| 040 |
_aPPAK _beng _cPPAK _erda |
||
| 041 | 1 |
_aeng _hara |
|
| 082 | 0 | 4 |
_223 _a297.125 |
| 090 | 0 | 0 |
_a297.125 _bMAQ _dG |
| 100 | 1 |
_aAl-Maqdisy, Al-Hafizh Dhiyauddin Muhammad Abdul Wahid, _eauthor. |
|
| 245 | 1 | 0 |
_aHIMPUNAN HADIS PILIHAN Fadilat Amal : _bDalil-Dalil Perjalanan Hidup Rasulullah SAW / _cAL-HAFIZH DHIYAUDDIN MUHAMMAD BIN ABDUL WAHID AL-MAQDISY ; Penterjemah KH. M. NOOR THOHIR |
| 264 | 1 |
_aBatu Caves, Selangor : _bSRI SAUJANA MARKETING, _c2025 |
|
| 300 |
_axviii, 441 pages ; _c23 cm |
||
| 336 |
_atext _2rdacontent |
||
| 337 |
_aunmediated _2rdamedia |
||
| 338 |
_avolume _2rdacarrier |
||
| 500 | _aContains quotes from the Hadith. | ||
| 600 | 0 | 0 |
_aMuhammad, _cProphet, _d-632 |
| 650 | 1 | 0 |
_aHadith _xCriticism, interpretation, etc. |
| 650 | 2 | 0 |
_aIslam _xCustoms and practices |
| 650 | 2 | 0 |
_aMuslims _xConduct of life |
| 700 | 0 |
_aKH. M. Noor Thohir, _etranslator. |
|
| 942 |
_2ddc _cB |
||
| 999 |
_c204089 _d204089 |
||